Catálogo
 En Linea

Primer amor : (Registro nro. 34620)

Detalles MARC
000 -CABECERA
campo de control de longitud fija 00610nam a2200157 a 4500
001 - NÚMERO DE CONTROL
campo de control 000035129
005 - FECHA Y HORA DE LA ÚLTIMA TRANSACCIÓN
campo de control 20200930074125.0
008 - DATOS DE LONGITUD FIJA--INFORMACIÓN GENERAL
campo de control de longitud fija 111025s1909 sp 000 0 spa d
040 ## - FUENTE DE LA CATALOGACIÓN
Centro catalogador/agencia de origen DO-SdBNP
Lengua de catalogación spa
Centro/agencia transcriptor BNPHu
100 1# - ENTRADA PRINCIPAL--NOMBRE DE PERSONA
Nombre de persona Cerdá, Elías
9 (RLIN) 60820
245 10 - MENCIÓN DE TÍTULO
Título Primer amor :
Resto del título zarzuela en un acto, dividido en tres cuadros /
Mención de responsabilidad, etc. original de Elías Cerdá ; música del maestro Enrique Brú.
260 ## - PUBLICACIÓN, DISTRIBUCIÓN, ETC.
Lugar de publicación, distribución, etc. Madrid . :
Nombre del editor, distribuidor, etc. Imp. R. Velasco,
Fecha de publicación, distribución, etc. 1909.
300 ## - DESCRIPCIÓN FÍSICA
Extensión 48, [2] p. ;
Dimensiones 21 cm.
500 ## - NOTA GENERAL
Nota general Estreno: Teatro de Novedades (Madrid), 22 de enero de 1909.
700 1# - PUNTO DE ACCESO ADICIONAL--NOMBRE DE PERSONA
Nombre de persona Brú Albiñana, Enrique,
Fechas asociadas al nombre (1873-1951),
Término indicativo de función/relación mús.
9 (RLIN) 60821
Existencias
Estado de retiro Estado de pérdida Restricciones de uso No para préstamo Código de colección Localización permanente Ubicación/localización actual Ubicación en estantería Fecha de adquisición Número de inventario Total de préstamos Signatura topográfica completa Código de barras Fecha visto por última vez Precio válido a partir de Tipo de ítem Koha
      Excluido de préstamo Monografías: Libros y Folletos General General Depósito 25.10.2011 LF1   35129-10 25.06.2020 25.06.2020 No se presta

Con tecnología Koha